CIA Những cuộc chiến thầm lặng; T2: Tổng Thống tái cử Giám Đốc CIA tái cử,Sách tham khảo
Sách kể lại câu chuyện tình báo theo ba quan điểm chính yếu: quan điểm của Giám đốc CIA, của Nhà trắng và của ủy ban tình báo Thượng viện, nhằm cung cấp hiểu biết về thủ đoạn và phương thức hoạt động của cơ quan Tình báo trung ương Mỹ (CIA...
Kaydedildi:
| Yazar: | |
|---|---|
| Materyal Türü: | Kitap |
| Dil: | Undetermined |
| Baskı/Yayın Bilgisi: |
Hà Nội
Chính trị quốc gia
1996
|
| Konular: | |
| Etiketler: |
Etiketle
Etiket eklenmemiş, İlk siz ekleyin!
|
| Thư viện lưu trữ: | Trung tâm Học liệu Trường Đại học Cần Thơ |
|---|
| LEADER | 01065nam a2200193Ia 4500 | ||
|---|---|---|---|
| 001 | CTU_19530 | ||
| 008 | 210402s9999 xx 000 0 und d | ||
| 082 | |a 327.1274 | ||
| 082 | |b W899/T.2 | ||
| 100 | |a Bob Woodward | ||
| 245 | 0 | |a CIA | |
| 245 | 0 | |b Những cuộc chiến thầm lặng; T2: Tổng Thống tái cử Giám Đốc CIA tái cử,Sách tham khảo | |
| 245 | 0 | |c Bob Woodward,Nguyễn Văn Đóa | |
| 260 | |a Hà Nội | ||
| 260 | |b Chính trị quốc gia | ||
| 260 | |c 1996 | ||
| 520 | |a Sách kể lại câu chuyện tình báo theo ba quan điểm chính yếu: quan điểm của Giám đốc CIA, của Nhà trắng và của ủy ban tình báo Thượng viện, nhằm cung cấp hiểu biết về thủ đoạn và phương thức hoạt động của cơ quan Tình báo trung ương Mỹ (CIA) | ||
| 650 | |a espionage, american,united states - history - civil war, 1985-1987 - secret service | ||
| 980 | |a Trung tâm Học liệu Trường Đại học Cần Thơ | ||